书目信息 |
| 题名: |
麦迪逊大道
|
|
| 作者: | 迈耶 著 | |
| 分册: | ||
| 出版信息: | 海口 海南出版社 1999.05 |
|
| 页数: | 364页 | |
| 开本: | 32开 | |
| 丛书名: | ||
| 单 册: | ||
| 中图分类: | F713.82 | |
| 科图分类: | ||
| 主题词: | 商业经济--国内 | |
| 电子资源: | ||
| ISBN: | 7-80645-406-3 | |
| 000 | 00523nam0 2200193 45 | |
| 001 | 0011091680 | |
| 005 | 20001109165912.2 | |
| 010 | @a7-80645-406-3@d23.80元 | |
| 100 | @a20001109d1999 km y0chiy0120 ea | |
| 101 | 0 | @achi |
| 105 | @a z 000yy | |
| 200 | 1 | @a麦迪逊大道@AMai Di Xun Da Dao@f迈耶著@FMai Ye Zhu |
| 210 | @a海口@c海南出版社@d1999.05 | |
| 215 | @a364页@d32开 | |
| 606 | 0 | @a商业经济@x国内 |
| 690 | @aF713.82@v3 | |
| 701 | 0 | @a迈耶@4著 |
| 801 | @aCN@bPftUser@c20001109 | |
| 905 | @b213774-778@dF713.82@eM.387@f5 | |
| 麦迪逊大道/迈耶著.-海口:海南出版社,1999.05 |
| 364页;32开 |
| ISBN 7-80645-406-3:23.80元 |
| ● |
| 相关链接 |
|
|
|
正题名:麦迪逊大道
索取号:F713.82/M.387
 
预约/预借
| 序号 | 登录号 | 条形码 | 馆藏地/架位号 | 状态 | 备注 |
| 1 | 213774 | 202137749 | 社科二线422/409社科库 44排7列3层/ [索取号:F713.82/M.387] | 在馆 | |
| 2 | 213775 | 202137758 | 社科库409/400B社科库 1排3列5层/ [索取号:F713.82/M.387] | 在馆 | |
| 3 | 213776 | 202137767 | 社科二线422/409社科库 44排7列3层/ [索取号:F713.82/M.387] | 在馆 | |
| 4 | 213777 | 202137776 | 社科库409/400B社科库 1排3列5层/ [索取号:F713.82/M.387] | 在馆 | |
| 5 | 213778 | 202137785 | 社科库409/409社科库 44排7列3层/ [索取号:F713.82/M.387] | 在馆 |